The effect of mungo bran on the growth of pekin ducks at the research station of R.U.A, ឥទ្ថិពលនៃការប្រើប្រាស់កាកសណ្តែកបាយជាចំណីផ្សំសម្រាប់ការលូតលាស់របស់ពូជទាប៉េកាំង នៅស្ថានីយ៏សាកលវិទ្យាល័យភូមិន្ទកសិកម្ម (Record no. 1803)
[ view plain ]
| 000 -LEADER | |
|---|---|
| fixed length control field | 00798nam a22001577a 4500 |
| 003 - CONTROL NUMBER IDENTIFIER | |
| control field | OSt |
| 005 - DATE AND TIME OF LATEST TRANSACTION | |
| control field | 20210614123908.0 |
| 008 - FIXED-LENGTH DATA ELEMENTS--GENERAL INFORMATION | |
| fixed length control field | 151003b xxu||||| |||| 00| 0 eng d |
| 040 ## - CATALOGING SOURCE | |
| Transcribing agency | RUA |
| 082 ## - DEWEY DECIMAL CLASSIFICATION NUMBER | |
| Classification number | AVM CHE 2002 B072 Or.1 |
| 100 ## - MAIN ENTRY--PERSONAL NAME | |
| 9 (RLIN) | 1907 |
| Personal name | CHEA, SOCHEATH. |
| 245 ## - TITLE STATEMENT | |
| Title | The effect of mungo bran on the growth of pekin ducks at the research station of R.U.A, ឥទ្ថិពលនៃការប្រើប្រាស់កាកសណ្តែកបាយជាចំណីផ្សំសម្រាប់ការលូតលាស់របស់ពូជទាប៉េកាំង នៅស្ថានីយ៏សាកលវិទ្យាល័យភូមិន្ទកសិកម្ម |
| 260 ## - PUBLICATION, DISTRIBUTION, ETC. (IMPRINT) | |
| Place of publication, distribution, etc. | Phnom Penh |
| Name of publisher, distributor, etc. | RUA |
| Date of publication, distribution, etc. | 2002 |
| 300 ## - PHYSICAL DESCRIPTION | |
| Extent | vi; 30p. |
| Other physical details | ill. |
| Dimensions | 29cm. |
| 942 ## - ADDED ENTRY ELEMENTS (KOHA) | |
| Source of classification or shelving scheme | |
| Koha item type | AVM |
| Price effective from | Date last seen | Permanent Location | Not for loan | Date acquired | Source of classification or shelving scheme | Koha item type | Lost status | Withdrawn status | Date last checked out | Total Checkouts | Shelving location | Damaged status | Barcode | Current Location | Full call number |
|---|---|---|---|---|---|---|---|---|---|---|---|---|---|---|---|
| 2015-10-03 | 2015-10-03 | Library Block B | 2015-10-03 | AVM | B072 | RUA017198 | Library Block B | AVM CHE 2002 B072 Or.1 | |||||||
| 2015-10-03 | 2020-01-27 | Library Block B | 2015-10-03 | AVM | 2020-01-14 | 2 | B072 | RUA017103 | Library Block B | AVM CHE 2002 B072 Or.2 | |||||
| 2015-10-03 | 2015-10-03 | Library Block B | 2015-10-03 | AVM | B072 | RUA017294 | Library Block B | AVM CHE 2002 B072 Or.3 | |||||||
| 2015-10-03 | 2015-10-03 | Library Block B | 2015-10-03 | AVM | B072 | RUA017220 | Library Block B | AVM CHE 2002 B072 Or.4 | |||||||
| 2015-10-07 | 2015-10-07 | Library Block B | 2015-10-07 | AVM | B072 | RUA009061 | Library Block B | AVM CHE 2002 B072 Or.5 |